LEADER 00716nam a2200181 i 4500 001 000000055092 003 CaOOAMICUS 005 19970616000000.0 008 970616n it u000 u ita u 013 $a26264 040 $aSeMil$bita 100 1 $aGrotti, Italo.$0(OLS)http://semarc/name/27579 245 10$aVescovi di origine germanica in Arezzo nel medio Evo dal 752 al 1036. 650 4$aArezzo.$0(OLS)http://semarc/subject/11174 650 4$aTesi di laurea.$0(OLS)http://semarc/subject/1690 850 $aSeMil 852 $aSeMil$W1$xVenegono$y1$m2I II 302$j21246$B21246$CSeMilBibl$Z2$F21248 $81 996 $6245$aVescovi di origine germanica in Arezzo nel medio Evo dal 752 al 1036$9(OLS)http://semarc/title/85403 LEADER 01333nam a2200313 i 4500 001 000000109378 003 CaOOAMICUS 005 20021104000000.0 008 021104s1996 it u000 u ita u 013 $a82058 020 $a88-07-10194-7 040 $aSeMil$bita 100 1 $aKymlicka, Will.$0(OLS)http://semarc/name/45927 240 10$aContemporary political philosophy.$0(OLS)http://semarc/title/158772 245 10$aIntroduzione alla filosofia politica contemporanea /$cWill Kymlicka ; traduzione di Rodolfo Rini. 260 $aMilano :$bFeltrinelli,$c1996. 300 $a347 p. ;$c23 cm. 490 0 $aCampi del sapere. Filosofia 500 $aContiene : Bibliografia. - Fondo Card. C.M. Martini. 650 4$aFilosofia politica.$0(OLS)http://semarc/subject/358 700 1 $aRini, Rodolfo.$0(OLS)http://semarc/name/19679 830 0$aCampi del sapere. Filosofia.$0(OLS)http://semarc/title/5981 850 $aSeMil 852 $aSeMil$W1$xVenegono$y1$m2P VI 293$j65373$B65373$CSeMilBibl$Z2$F74433 $81 941 1 $a4 961 $aOmaggio: Martini Card. Carlo Maria 996 $6020$a88-07-10194-7$9(OLS)http://semarc/number/90712 996 $6245$aIntroduzione alla filosofia politica contemporanea$9(OLS)http://semarc/title/158771 996 $6260$aMilano :$bFeltrinelli$9(OLS)http://semarc/publisher/30237